EMEA Valorant Players - 2026 season - Statistiques

Statistiques générales
  • Ce quiz a été pris 93 fois
  • Le résultat moyen est 36 sur 60
Statistiques - réponses
Team Player % Correct
Gentle Mates marteen
97%
Gentle Mates Minny
94%
Team Heretics Boo
90%
Gentle Mates Starxo
90%
Gentle Mates bipo
89%
Fnatic Boaster
86%
Team Vitality Derke
84%
Gentle Mates GLYPH
83%
Team Liquid Miniboo
83%
Team Liquid nAts
81%
Fnatic Veqaj
80%
Fnatic crashies
79%
Fnatic Alfajer
76%
BBL Esports lovers rock
76%
Fnatic kaajak
74%
Team Vitality Chronicle
73%
Team Heretics benjyfishy
71%
Team Heretics Comeback
69%
BBL Esports Rosé
69%
Karmine Corp SUYGETSU
67%
Team Heretics Riens
66%
Natus Vincere hiro
64%
Team Liquid kamo
63%
FUT Esports xeus
63%
Karmine Corp avez
61%
Karmine Corp dos9
61%
Team Vitality UNFAKE
61%
Team Vitality jamppi
60%
Team Heretics Wo0t
60%
BBL Esports Crewen
59%
BBL Esports Lar0k
59%
Karmine Corp LewN
59%
Team Vitality PROFEK
59%
GIANTX ara
57%
BBL Esports Loita
57%
Team Liquid wayne
57%
GIANTX Cloud
56%
Team Liquid purp0
56%
Karmine Corp Sheydos
54%
GIANTX westside
54%
GIANTX Flickless
53%
PCIFIC Esports cNed
51%
Natus Vincere Ruxic
49%
Natus Vincere Shao
49%
GIANTX GRUBINHO
47%
FUT Esports yetujey
47%
Natus Vincere Filu
46%
PCIFIC Esports NINJA
43%
FUT Esports MrFaliN
41%
PCIFIC Esports seven
41%
Natus Vincere sociablEE
41%
PCIFIC Esports al0rante
40%
ULF Esports Favian
33%
FUT Esports qRaxs
33%
PCIFIC Esports qpert
31%
ULF Esports nekky
30%
FUT Esports ATA KAPTAN
29%
ULF Esports d3mur
27%
ULF Esports audaz
26%
ULF Esports sturNN
21%
Aucun quiz correspondant
Distribution des résultats
% des personnes avec chaque résultat
Percentile par nombre de réponses
Votre historique - résultats
Vous n’avez pas pris ce quiz